[Event "FRM-ch op"]
[Site "Skopje"]
[Date "2023.05.10"]
[Round "8"]
[White "Bojkovski, Matej"]
[Black "Kamnar, Daniel"]
[Result "1-0"]
[WhiteElo "1483"]
[BlackElo "1117"]
[PlyCount "45"]
[EventDate "2023.05.04"]
[EventType "swiss"]
[EventRounds "9"]
[EventCountry "MKD"]
[SourceTitle "CBM 214 Extra"]
[Source "ChessBase"]
[SourceDate "2023.07.31"]
[SourceVersion "1"]
[SourceVersionDate "2023.07.31"]
[SourceQuality "1"]

1. e4 d5 2. exd5 Qxd5 3. Nc3 Qa5 4. d4 c6 5. Nf3 Nf6 6. Bd3 Bg4 7. 0-0 e6 8. Bf4 Nbd7 9. a3 Qh5 10. Be2 g5 11. Bg3 Qg6 12. Ne5 Nxe5 13. Bxe5 Bxe2 14. Qxe2 0-0-0 15. b4 Bd6 16. b5 Bxe5 17. dxe5 Nd5 18. Ne4 Ne7 19. Nd6+ Kb8 20. bxc6 Nxc6 21. Qb5 Rxd6 22. exd6 Nd4 23. Qe5 1-0

[Event "FRM-ch op"]
[Site "Skopje"]
[Date "2023.05.07"]
[Round "5"]
[White "Kamnar, Daniel"]
[Black "Zhezhov, Emil"]
[Result "0-1"]
[WhiteElo "1117"]
[BlackElo "1698"]
[PlyCount "66"]
[EventDate "2023.05.04"]
[EventType "swiss"]
[EventRounds "9"]
[EventCountry "MKD"]
[SourceTitle "CBM 214 Extra"]
[Source "ChessBase"]
[SourceDate "2023.07.31"]
[SourceVersion "1"]
[SourceVersionDate "2023.07.31"]
[SourceQuality "1"]

1. e4 c5 2. Nf3 e6 3. d4 cxd4 4. Nxd4 a6 5. Nc3 b5 6. a3 Qb6 7. Be3 Qc7 8. Qd2 Bb7 9. Bd3 Nf6 10. 0-0-0 b4 11. axb4 Bxb4 12. Nb3 Bxc3 13. Qxc3 Qxc3 14. bxc3 Nxe4 15. Bxe4 Bxe4 16. f3 Bd5 17. Bd4 0-0 18. Rhe1 Rc8 19. Kb2 Nc6 20. Bc5 Na5 21. Bb4 Nc4+ 22. Kb1 a5 23. Be7 a4 24. Nd2 Nxd2+ 25. Rxd2 Rxc3 26. Kb2 Rc6 27. Ba3 Rb8+ 28. Ka1 Rc4 29. Ree2 f6 30. Bd6 Rb7 31. Ba3 Kf7 32. Bb2 Rcb4 33. c3 Rb3 0-1

[Event "FRM-ch op"]
[Site "Skopje"]
[Date "2023.05.05"]
[Round "2"]
[White "Kamnar, Daniel"]
[Black "Golubovic, Tomislav"]
[Result "1/2-1/2"]
[WhiteElo "1117"]
[BlackElo "1663"]
[PlyCount "51"]
[EventDate "2023.05.04"]
[EventType "swiss"]
[EventRounds "9"]
[EventCountry "MKD"]
[SourceTitle "CBM 214 Extra"]
[Source "ChessBase"]
[SourceDate "2023.07.31"]
[SourceVersion "1"]
[SourceVersionDate "2023.07.31"]
[SourceQuality "1"]

1. e4 c5 2. Nf3 d6 3. Bb5+ Nc6 4. Bxc6+ bxc6 5. c4 e5 6. Nc3 f5 7. d3 Nf6 8. 0-0 Be7 9. Re1 0-0 10. b3 fxe4 11. dxe4 Bg4 12. h3 Bxf3 13. Qxf3 Nd5 14. Qd3 Nb4 15. Qd2 h6 16. Rf1 Bg5 17. Qe2 Be7 18. a3 Na6 19. Qg4 Qc8 20. Qg3 Qe6 21. Be3 Rab8 22. Rab1 Nc7 23. f3 Qf6 24. Bf2 Ne6 25. Ne2 Rb7 26. Rb2 1/2-1/2